| 000 | 00410nam a2200133 4500 | ||
|---|---|---|---|
| 999 |
_c507597 _d507597 |
||
| 008 | 190219b ||||| |||| 00| 0 eng d | ||
| 100 |
_aSingh, Ankita _92027 |
||
| 245 |
_aBest practices in urban governance: _ba case study of Tadipatri municipality in Ananthapuramu district of Andhra Pradesh |
||
| 260 | _c2018 | ||
| 300 | _ap.20-33. | ||
| 700 |
_aAlok, V.N. _92028 |
||
| 773 | _aNagarlok | ||
| 942 |
_2ddc _cAR |
||